00511nam a2200193 a 4500001001300000003000900013005001700022008004100039020000900080082001800089100002300107245004200130260004200172300000900214500003500223505001000258650002600268700002300294nice12345678IN_TiNIC20260116012447.0050524s1972 dela grp 000 0 eng  ac3500a954.0236bHUS aHusain, Agha Mahdi aRise and Fall of Muhammad Bin Tughluq aDelhibIdara-I-Adabiyat-I-Dillic1972 a274p aincludes index and biblioraphy2 aIndex aIndia-History Tughlaq1 aHusain, Agha Mahdi